|
|
|
|
| LEADER |
01035pam a22002898a 4500 |
| 001 |
00045001 |
| 005 |
20191017151056.0 |
| 008 |
170518s2008 ||||||Viesd |
| 020 |
# |
# |
|c 78000
|a 9786045887905
|
| 041 |
0 |
# |
|a Vie
|
| 082 |
1 |
4 |
|a 158.1
|b KH300M
|
| 100 |
1 |
# |
|a Shimoff, Marci
|
| 245 |
1 |
0 |
|a Khi mọi điểm tựa đều mất
|c Marci Shimoff, Carol Kline ; Kim Vân (dịch)
|
| 246 |
# |
# |
|a Happy for no reason: 7 steps to being happy from the Inside out
|
| 250 |
# |
# |
|a Tái bản lần thứ 15
|
| 260 |
# |
# |
|a T.P. Hồ Chí Minh
|b Tổng hợp T.P. Hồ Chí Minh; Công ty Văn hoá Sáng tạo Trí Việt
|c 2019
|
| 300 |
# |
# |
|a 277 tr.
|c 21 cm.
|
| 653 |
# |
# |
|a Hạnh phúc
|
| 653 |
# |
# |
|a Kỹ năng sống
|
| 653 |
# |
# |
|a Thành công
|
| 653 |
# |
# |
|a Tâm lý học ứng dụng
|
| 700 |
# |
# |
|a Kim Vân
|
| 700 |
# |
# |
|e Dịch
|
| 700 |
# |
# |
|a Kline, Carol
|
| 852 |
# |
# |
|j KD.0026385
|
| 910 |
# |
# |
|d 17/10/2019
|
| 980 |
# |
# |
|a Trung tâm Học liệu Lê Vũ Hùng, Trường Đại học Đồng Tháp
|